Finite Element Analysis : (Record no. 32573)

000 -LEADER
fixed length control field 00977cam a22003014a 4500
001 - CONTROL NUMBER
control field 13012479
003 - CONTROL NUMBER IDENTIFIER
control field OSt
005 - DATE AND TIME OF LATEST TRANSACTION
control field 20220107113103.0
008 - FIXED-LENGTH DATA ELEMENTS--GENERAL INFORMATION
fixed length control field 021125s2003 njua 001 0 eng
010 ## - LIBRARY OF CONGRESS CONTROL NUMBER
LC control number 2002153331
020 ## - INTERNATIONAL STANDARD BOOK NUMBER
International Standard Book Number 0131112023
038 ## - RECORD CONTENT LICENSOR
Staff Name Khadija
040 ## - CATALOGING SOURCE
Original cataloging agency DLC
Transcribing agency DLC
Modifying agency DLC
042 ## - AUTHENTICATION CODE
Authentication code pcc
050 00 - LIBRARY OF CONGRESS CALL NUMBER
Classification number TA347.F5
Item number M62 2003
082 00 - DEWEY DECIMAL CLASSIFICATION NUMBER
Classification number 620.00151535
Edition number 21
Author Mark MOA
100 1# - MAIN ENTRY--PERSONAL NAME
Personal name Moaveni, Saeed.
9 (RLIN) 87459
245 10 - TITLE STATEMENT
Title Finite Element Analysis :
Remainder of title theory and application with ANSYS /
Statement of responsibility, etc. Saeed Moaveni.
250 ## - EDITION STATEMENT
Edition statement 2nd ed.
260 ## - PUBLICATION, DISTRIBUTION, ETC.
Place of publication, distribution, etc. Upper Saddle River, NJ :
Name of publisher, distributor, etc. Prentice Hall,
Date of publication, distribution, etc. c2003.
300 ## - PHYSICAL DESCRIPTION
Extent xiii, 822 p. :
Other physical details ill. ;
Dimensions 24 cm.
563 ## - BINDING INFORMATION
Binding note HB
650 #0 - SUBJECT ADDED ENTRY--TOPICAL TERM
Topical term or geographic name entry element Finite element method
General subdivision Data processing.
9 (RLIN) 87460
650 #0 - SUBJECT ADDED ENTRY--TOPICAL TERM
Topical term or geographic name entry element ANSYS (Computer system)
9 (RLIN) 87458
906 ## - LOCAL DATA ELEMENT F, LDF (RLIN)
a 7
b cbc
c orignew
d 1
e ecip
f 20
g y-gencatlg
942 ## - ADDED ENTRY ELEMENTS (KOHA)
Source of classification or shelving scheme
Koha item type Book
Holdings
Withdrawn status Lost status Source of classification or shelving scheme Damaged status Not for loan Permanent Location Current Location Shelving location Date acquired Total Checkouts Total Renewals Full call number Barcode Date last seen Date last checked out Price effective from Koha item type
          School of Mechanical & Manufacturing Engineering (SMME) School of Mechanical & Manufacturing Engineering (SMME) Text Books 10/05/2015 1 3 620.00151535 MOA SMME-1377 02/03/2026 09/29/2025 10/05/2015 Book
          School of Mechanical & Manufacturing Engineering (SMME) School of Mechanical & Manufacturing Engineering (SMME) Text Books 10/05/2015 1   620.00151535 MOA SMME-1378 01/23/2024 01/22/2024 10/05/2015 Book
© 2023 Central Library, National University of Sciences and Technology. All Rights Reserved.